La agonía de Proteo / (Record no. 149639)

MARC details
000 -CABECERA
campo de control de longitud fija 00522nam a2200193 u 4500
005 - FECHA Y HORA DE LA ÚLTIMA TRANSACCIÓN
campo de control 20240806063954.0
008 - ELEMENTOS DE LONGITUD FIJA--INFORMACIÓN GENERAL
campo de control de longitud fija 100827s2004 mx r 000 0 spa d
020 ## - NÚMERO INTERNACIONAL NORMALIZADO PARA LIBROS
Número Internacional Estándar del Libro 9685807078
035 ## - NÚMERO DE CONTROL DEL SISTEMA
Número de control de sistema UPN01000177536
049 ## - COLECCIÓN
Colección CG
050 #4 - SIGNATURA TOPOGRÁFICA DE LA BIBLIOTECA DEL CONGRESO
Número de clasificación B738.05
Número de documento/Ítem N5.3a
100 1# - ASIENTO PRINCIPAL--NOMBRE PERSONAL
Nombre de persona Nicol, Eduardo,
Fechas asociadas al nombre 1907-1990
9 (RLIN) 29437
245 13 - MENCIÓN DE TÍTULO
Título La agonía de Proteo /
Mención de responsabilidad, etc. Eduardo Nicol.
260 ## - PUBLICACIÓN, DISTRIBUCIÓN, ETC.
Lugar de publicación, distribución, etc. México :
Nombre del editor, distribuidor, etc. UNAM :
-- Herder,
Fecha de publicación, distribución, etc. c2004
300 ## - DESCRIPCIÓN FÍSICA
Extensión 132 p.
650 #4 - ASIENTO SECUNDARIO DE MATERIA - TERMINO TEMATICO
Término de materia o nombre geográfico como elemento de entrada Antologías
9 (RLIN) 4761
650 #4 - ASIENTO SECUNDARIO DE MATERIA - TERMINO TEMATICO
Término de materia o nombre geográfico como elemento de entrada Filosofía antigua
9 (RLIN) 6916
905 ## - TIPO DE MATERIAL
Tipo de material Libro
Holdings
Estado de retiro Estado de pérdida Fuente del sistema de clasificación o colocación Estado dañado No para préstamo Código de colección Localización permanente Ubicación/localización actual Ubicación en estantería Total de préstamos Clasificación Código de barras Fecha visto por última vez Número de copia Tipo de ítem Koha
    Library of Congress Classification     Colección General Bib. Gregorio Torres Quintero Bib. Gregorio Torres Quintero Planta baja 1 B738.05 N5.3a 295781 31/12/2020 1 Formato Digital